Myslivec. Rodinný kalendář.
| Médium: | Seriál |
|---|---|
| Jazyk: | angličtina |
| Vydavateľské údaje: |
Praha
J. V. Rozmar
|
MARC
| LEADER | 00000nas a2200000 a 4500 | ||
|---|---|---|---|
| 001 | vtls009953625 | ||
| 003 | SK-MaSNL | ||
| 005 | 20260221121430.0 | ||
| 008 | 090925c mr1 0 0eng d | ||
| 040 | |a SNK |b slo |c SNK | ||
| 245 | 0 | 0 | |a Myslivec. Rodinný kalendář. |
| 260 | |a Praha |b J. V. Rozmar | ||
| 500 | |a Popis podľa: roč. ..., č. ..., rok ... | ||
| 910 | |a snk | ||
| 999 | |c 7745 |d 9675 | ||
| 952 | |0 0 |1 1 |3 rekatalogizácia |4 0 |7 0 |a SNK |b SNK |d 2009-09-25 |i snkK 2418/74 |l 0 |o snkČC 3028/2/1920 |p 17A0626040 |r 2026-02-21 19:42:26 |w 2026-02-21 |y PREZ | ||


